Statistics for U.S. Secretaries of Agriculture by Picture

Click here to take the quiz!

General Stats

  • This quiz has been taken 11 times
    (9 since last reset)
  • The average score is 10 of 38

Answer Stats

Answer% Correct
Sonny Perdue
80%
Tom Vilsack
80%
Clayton Keith Yeutter
40%
Earl Butz
40%
Ezra Taft Benson
40%
Henry A. Wallace
40%
Henry Cantwell Wallace
40%
Mike Johanns
40%
Orville Freeman
40%
Ann Veneman
20%
Arthur M. Hyde
20%
Charles F. Brannan
20%
Charles F. Connor
20%
Claude R. Wickard
20%
Clifford M. Hardin
20%
Clinton Presba Anderson
20%
Dan Glickman
20%
David F. Houston
20%
Ed Schafer
20%
Edward Rell Madigan
20%
Edwin T. Meredith
20%
George B. Loring
20%
Horace Capron
20%
Howard Mason Gore
20%
Isaac Newton
20%
James Wilson
20%
Jeremiah McLain Rusk
20%
John Albert Knebel
20%
John Rusling Block
20%
Julius Sterling Morton
20%
Kevin Shea
20%
Michael Scuse
20%
Mike Espy
20%
Mike Young
20%
Norman Jay Coleman
20%
Richard Edmund Lyng
20%
Robert Bergland
20%
William Marion Jardine
20%

Score Distribution

Percentile by Number Answered

Percent of People with Each Score

Your Score History

You have not taken this quiz since the last reset